000
00322nam a22001337a 4500
008
170821b xxu||||| |||| 00| 0 eng d
020
_a
9781269200189
041
_a
eng
080
_a
51
100
_a
37
101
_a
MAT
245
_a
COLLEGE ALGEBRA SMALL COLLEGE BIG POSSIBILITIES
_c
FLORIDA,N
942
_2
udc
_c
BK
999
_c
24356
_d
24356